[Event "39th Olympiad Women"]
[Site "Khanty-Mansiysk RUS"]
[Date "2010.10.01"]
[Round "10"]
[White "Kashlinskaya, Alina"]
[Black "Rakic, Marija"]
[Result "0-1"]
[WhiteTitle "WGM"]
[BlackTitle "WIM"]
[WhiteElo "2358"]
[BlackElo "2317"]
[Board "4.4"]
[WhiteTeam "RUS2"]
[BlackTeam "SRB"]
[WhiteFideId "4198026"]
[BlackFideId "936286"]
[EventDate "2010.09.21"]
[EventType "team"]

1. d4 g6 2. Nf3 Bg7 3. g3 d6 4. Bg2 Nd7 5. c4 e5 6. Nc3 Ne7 7. O-O O-O 8. dxe5
dxe5 9. Qc2 Nf5 10. e3 c6 11. b3 Re8 12. Bb2 Nc5 13. Rad1 Qb6 14. Ne4 Nxe4 15.
Qxe4 f6 16. Qc2 Be6 17. e4 Nh6 18. Bc1 Qa5 19. Bd2 Qc7 20. Be3 Rac8 21. h3 Nf7
22. Nd2 f5 23. exf5 gxf5 24. f4 e4 25. c5 b5 26. cxb6 axb6 27. b4 Nd6 28. Rfe1
c5 29. bxc5 bxc5 30. Nb3 Nc4 31. Bf2 Nb2 32. Nxc5 Nxd1 33. Rxd1 Bf8 34. Rc1 Qa5
35. Bf1 Qxa2 36. Qc3 Qd5 37. Qf6 Bg7 38. Qg5 h6 39. Qh4 Qd2 40. Rb1 Bd4 0-1

[Event "39th Olympiad Women"]
[Site "Khanty-Mansiysk RUS"]
[Date "2010.10.01"]
[Round "10"]
[White "Zawadzka, Jolanta"]
[Black "Mkrtchian, Lilit"]
[Result "1/2-1/2"]
[WhiteTitle "WGM"]
[BlackTitle "IM"]
[WhiteElo "2410"]
[BlackElo "2484"]
[Board "5.2"]
[WhiteTeam "POL"]
[BlackTeam "ARM"]
[WhiteFideId "1122320"]
[BlackFideId "13300601"]
[EventDate "2010.09.21"]
[EventType "team"]

1. e4 e6 2. d4 d5 3. Nc3 dxe4 4. Nxe4 Nd7 5. Nf3 Ngf6 6. Bd3 Nxe4 7. Bxe4 Nf6 8.
Bd3 c5 9. O-O cxd4 10. Nxd4 Bc5 11. Nb3 Bd6 12. Bg5 h6 13. Bb5+ Bd7 14. Bxf6
Qxf6 15. Qxd6 Bxb5 16. Rfd1 Qe7 17. Qe5 Qg5 18. Rd5 Qxe5 19. Rxe5 Bd7 20. Rd1
Ke7 21. Nd4 Rhd8 22. Re3 Be8 23. c3 Rac8 24. f4 Kf6 25. Rde1 Bd7 26. Re5 g5 27.
Kf2 b6 28. g4 Rc5 29. Kg3 gxf4+ 30. Kxf4 Rxe5 31. Rxe5 Kg6 32. Re2 Rc8 33. h4
Rc5 34. h5+ Kf6 35. Nf3 Ke7 36. Nd4 Kd6 37. Nf3 f6 38. Rd2+ Ke7 39. Nh2 e5+ 40.
Kg3 Be6 41. a3 Rc4 42. Re2 a5 43. Re3 a4 44. Re2 b5 45. Re3 Rc6 46. Re4 Rd6 47.
Nf1 Rd3+ 48. Kf2 Bd5 49. Re3 Rxe3 50. Nxe3 Be4 51. c4 bxc4 52. Nxc4 Ke6 53. Ne3
Kd6 54. Nd1 Ke6 55. Ne3 Kd6 56. Nd1 Ke7 57. Ke3 Bc6 58. Kd3 f5 59. gxf5 Kf6 60.
Ne3 Kg5 61. f6 Kxf6 62. Ng4+ Ke6 63. Ke3 Be8 64. Ke4 Bxh5 65. Nxe5 Bd1 66. Nc4
h5 67. Kf4 h4 68. Nb6 Kd6 69. Nxa4 1/2-1/2

[Event "39th Olympiad Women"]
[Site "Khanty-Mansiysk RUS"]
[Date "2010.10.01"]
[Round "10"]
[White "Dworakowska, Joanna"]
[Black "Aginian, Nelly"]
[Result "1/2-1/2"]
[WhiteTitle "IM"]
[BlackTitle "WGM"]
[WhiteElo "2315"]
[BlackElo "2282"]
[Board "5.4"]
[WhiteTeam "POL"]
[BlackTeam "ARM"]
[WhiteFideId "1107445"]
[BlackFideId "13300628"]
[EventDate "2010.09.21"]
[EventType "team"]

1. e4 e6 2. d4 d5 3. Nc3 dxe4 4. Nxe4 Nd7 5. Nf3 Ngf6 6. Nxf6+ Nxf6 7. Be3 Nd5
8. Bd2 c5 9. Bb5+ Bd7 10. Bxd7+ Qxd7 11. c4 Nb6 12. Rc1 cxd4 13. c5 Nd5 14. Ne5
Qc7 15. Qa4+ Ke7 16. Qxd4 f6 17. Nf3 Kf7 18. O-O Rd8 19. Rfe1 Qd7 20. Re2 g6 21.
Bc3 Nxc3 22. Qxc3 Bh6 23. Rce1 Rhe8 24. Re4 Qd5 25. Rh4 Kg7 26. Qa3 a6 27. Rd4
Qc6 28. Qb3 e5 29. Rb4 Re7 30. Qc3 Rd5 31. Nd4 Qxc5 32. Ne6+ Rxe6 33. Rxb7+ Kg8
34. Qh3 Rb6 35. Rxb6 Qxb6 36. Qxh6 Qxb2 37. Qh3 Qb6 38. Rc1 Kg7 39. Qc8 Qd6 40.
Rc7+ Kh6 41. Qh3+ Kg5 42. Qg3+ Kf5 43. Qh3+ Kg5 44. Qg3+ Kf5 45. Qh3+ 1/2-1/2

[Event "39th Olympiad Women"]
[Site "Khanty-Mansiysk RUS"]
[Date "2010.10.01"]
[Round "10"]
[White "Ordaz Valdes, Lisandra Teresa"]
[Black "Reizniece, Dana"]
[Result "1-0"]
[WhiteTitle "WIM"]
[BlackTitle "WGM"]
[WhiteElo "2359"]
[BlackElo "2318"]
[Board "6.1"]
[WhiteTeam "CUB"]
[BlackTeam "LAT"]
[WhiteFideId "3506940"]
[BlackFideId "11601124"]
[EventDate "2010.09.21"]
[EventType "team"]

1. d4 Nf6 2. c4 c5 3. d5 b5 4. cxb5 a6 5. bxa6 g6 6. Nc3 Bxa6 7. g3 d6 8. Bg2
Nbd7 9. Rb1 Nb6 10. b3 Bg7 11. Nf3 Bb7 12. Nh4 h6 13. O-O O-O 14. a4 Qc8 15. e4
Ba6 16. Re1 Ng4 17. Qc2 Bd4 18. Be3 Nd7 19. Nf3 Nde5 20. Nxe5 Nxe3 21. fxe3 Bxe5
22. Bf1 h5 23. Nb5 h4 24. gxh4 Bxb5 25. Bxb5 Kg7 26. Re2 Rh8 27. Rg2 Rxh4 28.
Rf1 Qh8 29. Qf2 Bf6 30. e5 dxe5 31. d6 Rf8 32. dxe7 Bxe7 33. Qg3 Rh5 34. Bc4 Rg5
35. Qf3 Rxg2+ 36. Kxg2 Qh4 37. Qd5 Bf6 38. a5 Qg5+ 39. Kh1 Qxe3 40. a6 Qh6 41.
a7 Qh8 42. Qf3 Bg5 43. Bd5 Bf4 44. Qg2 Rd8 45. a8=Q Rxa8 46. Bxa8 Bxh2 47. Qxh2
Qxa8+ 48. Qg2 Qd8 49. Qe4 Qg5 50. Re1 f6 51. Re3 Qh5+ 52. Kg2 Qg5+ 53. Kf2 Qh5
54. Rd3 Qh2+ 55. Kf1 f5 56. Qb7+ Kh6 57. Qg2 Qf4+ 58. Qf3 Qc1+ 59. Rd1 Qc2 60.
Qh3+ Kg5 61. Qg2+ Qxg2+ 62. Kxg2 Kf4 63. Rd5 e4 64. Kf2 e3+ 65. Ke2 Ke4 66. Rxc5
f4 67. Rc4+ Ke5 68. Kf3 g5 69. Rc5+ 1-0

[Event "39th Olympiad Women"]
[Site "Khanty-Mansiysk RUS"]
[Date "2010.10.01"]
[Round "10"]
[White "Rogule, Laura"]
[Black "Linares Napoles, Oleiny"]
[Result "0-1"]
[WhiteTitle "WGM"]
[BlackTitle "WIM"]
[WhiteElo "2354"]
[BlackElo "2328"]
[Board "6.2"]
[WhiteTeam "LAT"]
[BlackTeam "CUB"]
[WhiteFideId "11601876"]
[BlackFideId "3504794"]
[EventDate "2010.09.21"]
[EventType "team"]

1. c4 c5 2. Nc3 Nc6 3. Nf3 g6 4. g3 Bg7 5. Bg2 d6 6. O-O a6 7. a3 Rb8 8. Rb1 Bf5
9. d3 b5 10. cxb5 axb5 11. Bd2 b4 12. Nd5 Bd7 13. axb4 cxb4 14. Qe1 b3 15. Bc3
Nf6 16. Nxf6+ exf6 17. Nd2 O-O 18. Qd1 Ne7 19. Ra1 Be6 20. Ra3 Qb6 21. e3 f5 22.
Nc4 Bxc4 23. Bxg7 Bxd3 24. Qxd3 Kxg7 25. Rc1 Rfc8 26. Rxc8 Rxc8 27. Rxb3 Rc1+
28. Bf1 Qc5 29. Rb5 Qc7 30. h4 h5 31. Kh2 Nc6 32. Bg2 Ne5 33. Qd4 Kg8 34. e4
Ng4+ 35. Kh3 Rd1 36. Qb4 Nxf2+ 37. Kh2 Ng4+ 38. Kh3 Qc2 39. Rb8+ Kh7 40. Qc3
Rh1+ 0-1

[Event "39th Olympiad Women"]
[Site "Khanty-Mansiysk RUS"]
[Date "2010.10.01"]
[Round "10"]
[White "Pina Vega, Sulennis"]
[Black "Berzina, Ilze"]
[Result "0-1"]
[WhiteTitle "WGM"]
[BlackTitle "WGM"]
[WhiteElo "2322"]
[BlackElo "2283"]
[Board "6.3"]
[WhiteTeam "CUB"]
[BlackTeam "LAT"]
[WhiteFideId "3503151"]
[BlackFideId "11601345"]
[EventDate "2010.09.21"]
[EventType "team"]

1. e4 e5 2. Nf3 Nc6 3. Bb5 Bc5 4. c3 f5 5. d3 fxe4 6. dxe4 Nf6 7. Qe2 d6 8. O-O
O-O 9. b4 Bb6 10. a4 a6 11. Bc4+ Kh8 12. Bg5 Bg4 13. Nbd2 a5 14. b5 Ne7 15. h3
Bh5 16. Be6 Qe8 17. Qc4 Bg6 18. Nh4 Nh5 19. Ndf3 Nf4 20. Bxe7 Qxe7 21. Nxg6+
Nxg6 22. Bg4 Nf4 23. Nh2 Qh4 24. Kh1 Bxf2 25. Qxc7 Qg3 26. Rxf2 Qxf2 27. Rg1 Nd3
28. Qxd6 Qg3 29. Rf1 Nf2+ 30. Kg1 Qe3 0-1

[Event "39th Olympiad Women"]
[Site "Khanty-Mansiysk RUS"]
[Date "2010.10.01"]
[Round "10"]
[White "Skinke, Katrina"]
[Black "Arribas Robaina, Maritza"]
[Result "1/2-1/2"]
[WhiteTitle "WIM"]
[BlackTitle "WGM"]
[WhiteElo "2217"]
[BlackElo "2282"]
[Board "6.4"]
[WhiteTeam "LAT"]
[BlackTeam "CUB"]
[WhiteFideId "11602260"]
[BlackFideId "3501418"]
[EventDate "2010.09.21"]
[EventType "team"]

1. e4 e6 2. d4 d5 3. Nc3 Bb4 4. e5 c5 5. a3 Bxc3+ 6. bxc3 Qa5 7. Bd2 Qa4 8. Nf3
b6 9. Be3 cxd4 10. cxd4 Ba6 11. Bd3 Nc6 12. O-O Bxd3 13. Qxd3 Nge7 14. Rfc1 Na5
15. h4 h6 16. h5 Rc8 17. Nh4 Nc4 18. Bf4 Kd7 19. Bg3 g6 20. c3 Rcg8 21. Qe2 Nf5
22. Nxf5 gxf5 23. Bf4 Kc8 24. Rcb1 Rg4 25. Rb4 Qc6 26. g3 Rhg8 27. Qf3 Kc7 28.
a4 a5 29. Rb5 Qd7 30. Kg2 Qd8 31. Rh1 Qf8 32. Ra1 Qd8 33. Rh1 Qf8 34. Ra1 Qd8 1/2-1/2

[Event "39th Olympiad Women"]
[Site "Khanty-Mansiysk RUS"]
[Date "2010.10.01"]
[Round "10"]
[White "Mamedjarova, Zeinab"]
[Black "Hoang Thanh Trang"]
[Result "1-0"]
[WhiteTitle "WGM"]
[BlackTitle "GM"]
[WhiteElo "2234"]
[BlackElo "2482"]
[Board "7.1"]
[WhiteTeam "AZE"]
[BlackTeam "HUN"]
[WhiteFideId "13401521"]
[BlackFideId "12400149"]
[EventDate "2010.09.21"]
[EventType "team"]

1. d4 e6 2. Nf3 b6 3. e3 Bb7 4. Bd3 f5 5. O-O Nf6 6. c4 Bd6 7. Nc3 O-O 8. Qe2
Ne4 9. Bxe4 fxe4 10. Nd2 Qg5 11. Ndxe4 Bxe4 12. Nxe4 Bxh2+ 13. Kxh2 Qh4+ 14. Kg1
Qxe4 15. f3 Qg6 16. e4 Nc6 17. Be3 d5 18. cxd5 exd5 19. Rac1 Rf7 20. Qb5 Ne7 21.
Rxc7 Rd8 22. Rxa7 dxe4 23. Qg5 exf3 24. Qxg6 Nxg6 25. Rxf7 Kxf7 26. Rxf3+ Ke6
27. Rh3 h6 28. Rg3 Kf5 29. Bf2 b5 30. Rf3+ Ke6 31. Re3+ Kf5 32. Rc3 Ne7 33. Rc7
Ke6 34. Rb7 Rd5 35. Kf1 g6 36. Ke2 Nc6 37. a3 Na5 38. Rb6+ Kf5 39. Ra6 Nc4 40.
b3 Nd6 41. Bg3 Ne4 42. Be5 h5 43. Ra8 Rd7 44. Ke3 Ng5 45. Rb8 Rd5 46. Rf8+ Ke6
47. Rf6+ Ke7 48. Rxg6 Nf7 49. Ke4 Rd7 50. Rb6 Ra7 51. Rxb5 Rxa3 52. Rb7+ Ke8 53.
b4 h4 54. b5 Ra2 55. b6 Rb2 56. Bf4 Nd8 57. Rh7 Nf7 58. Rxh4 Rxb6 59. g4 Rb5 60.
Rh1 Nd8 61. g5 Ne6 62. Rg1 Rb2 63. Be5 Re2+ 64. Kd5 Nd8 65. g6 Kf8 66. g7+ Kg8
67. Rh1 1-0

[Event "39th Olympiad Women"]
[Site "Khanty-Mansiysk RUS"]
[Date "2010.10.01"]
[Round "10"]
[White "Madl, Ildiko"]
[Black "Mamedjarova, Turkan"]
[Result "1/2-1/2"]
[WhiteTitle "IM"]
[BlackTitle "WGM"]
[WhiteElo "2397"]
[BlackElo "2301"]
[Board "7.2"]
[WhiteTeam "HUN"]
[BlackTeam "AZE"]
[WhiteFideId "700550"]
[BlackFideId "13402005"]
[EventDate "2010.09.21"]
[EventType "team"]

1. e4 e5 2. Nf3 Nc6 3. Bb5 a6 4. Bxc6 dxc6 5. O-O Bg4 6. h3 h5 7. d3 Qf6 8. Nbd2
Bd6 9. Re1 Be6 10. Nc4 Bxc4 11. dxc4 Qe6 12. Qe2 f6 13. Be3 c5 14. a3 Ne7 15. b4
b6 16. bxc5 bxc5 17. Nd2 Nc6 18. Qd3 Kf7 19. Nb3 Rad8 20. Rad1 g5 21. Qd5 Nd4
22. Rd2 Qxd5 23. cxd5 g4 24. h4 Rhg8 25. Bxd4 cxd4 26. Rd3 Rb8 27. g3 Rb6 28.
Red1 Rc8 29. Na5 Rb5 30. Nc6 Rc5 31. Rc1 f5 32. f3 Rg8 33. c4 dxc3 34. Rdxc3
Rxc3 35. Rxc3 gxf3 36. Rxf3 f4 37. a4 Ke8 38. Kf1 fxg3 39. Kg2 Rg4 40. Rxg3 Rxe4
41. Rg5 Rxh4 42. Nxe5 Bxe5 43. Rxe5+ Kd7 44. a5 Ra4 45. Rxh5 Rxa5 46. Kf3 Ra4
47. Ke3 a5 48. Kd3 Kd6 49. Kc3 Re4 50. Kd3 Re5 51. Rh6+ Kxd5 52. Ra6 Rh5 53.
Rxa5+ c5 54. Kc2 Kd4 55. Ra3 Rh2+ 56. Kc1 Kc4 57. Rg3 Kb4 58. Rf3 c4 59. Rg3 Rh8
60. Kc2 c3 61. Rg4+ 1/2-1/2

[Event "39th Olympiad Women"]
[Site "Khanty-Mansiysk RUS"]
[Date "2010.10.01"]
[Round "10"]
[White "Mammadova, Gulnar Marfat qizi"]
[Black "Vajda, Szidonia"]
[Result "1/2-1/2"]
[WhiteTitle "WFM"]
[BlackTitle "IM"]
[WhiteElo "2293"]
[BlackElo "2342"]
[Board "7.3"]
[WhiteTeam "AZE"]
[BlackTeam "HUN"]
[WhiteFideId "13403508"]
[BlackFideId "723894"]
[EventDate "2010.09.21"]
[EventType "team"]

1. e4 d6 2. Nc3 e5 3. Nf3 Nf6 4. d4 Nbd7 5. Bc4 Be7 6. O-O O-O 7. Qe2 exd4 8.
Nxd4 Ne5 9. Bb3 Re8 10. f4 Ng6 11. Qc4 Rf8 12. Qd3 Re8 13. Qc4 Rf8 14. Qd3 Re8
15. Qc4 1/2-1/2

[Event "39th Olympiad Women"]
[Site "Khanty-Mansiysk RUS"]
[Date "2010.10.01"]
[Round "10"]
[White "Rudolf, Anna"]
[Black "Umudova, Nargiz"]
[Result "0-1"]
[WhiteTitle "WGM"]
[BlackTitle "WIM"]
[WhiteElo "2366"]
[BlackElo "2251"]
[Board "7.4"]
[WhiteTeam "HUN"]
[BlackTeam "AZE"]
[WhiteFideId "722855"]
[BlackFideId "13402137"]
[EventDate "2010.09.21"]
[EventType "team"]

1. e4 c5 2. Nf3 g6 3. d4 cxd4 4. Nxd4 Nc6 5. c4 Bg7 6. Be3 Nf6 7. Nc3 O-O 8. Be2
d6 9. f3 Bd7 10. Rc1 Nxd4 11. Bxd4 a5 12. b3 Bc6 13. O-O Nd7 14. Be3 Nc5 15. Qd2
Qb6 16. Rc2 Rfc8 17. Rb1 Qd8 18. a3 Be5 19. Bf1 Qf8 20. b4 axb4 21. axb4 Na4 22.
Ne2 Qd8 23. Nd4 Be8 24. Qf2 Bg7 25. Rd2 Qc7 26. Rc2 e6 27. Rd1 Qe7 28. Qd2 Rd8
29. Ra2 Qc7 30. Rc1 Bf6 31. Qf2 Qe7 32. Qd2 Qc7 33. Be2 Rac8 34. Qd3 Qe7 35. Qb3
b5 36. Rac2 bxc4 37. Rxc4 Rxc4 38. Bxc4 d5 39. exd5 exd5 40. Bf1 Rb8 41. b5 Nc5
42. Qa3 Ra8 43. Nf5 Rxa3 44. Nxe7+ Bxe7 45. Bxc5 Bxc5+ 46. Rxc5 d4 47. Bc4 Kg7
48. Rc8 Kf8 49. Bd5 Ke7 50. b6 d3 51. Kf2 d2 52. Ke2 Rd3 53. Rxe8+ Kxe8 54. Bc6+
Kd8 55. Kd1 Rd6 56. Be4 f5 57. Bc2 Kc8 58. g4 fxg4 59. Be4 gxf3 60. b7+ Kc7 61.
Bxf3 Rd3 62. Be4 Rh3 63. Kxd2 Rxh2+ 64. Ke3 Rb2 65. Kf4 Rb4 66. Ke3 Rxe4+ 0-1

[Event "39th Olympiad Women"]
[Site "Khanty-Mansiysk RUS"]
[Date "2010.10.01"]
[Round "10"]
[White "Aliaga Fernandez, Ingrid Y"]
[Black "Abrahamyan, Tatev"]
[Result "0-1"]
[WhiteTitle "WFM"]
[BlackTitle "WFM"]
[WhiteElo "2134"]
[BlackElo "2352"]
[Board "8.3"]
[WhiteTeam "PER"]
[BlackTeam "USA"]
[WhiteFideId "3802191"]
[BlackFideId "13301918"]
[EventDate "2010.09.21"]
[EventType "team"]

1. e4 e6 2. d4 d5 3. Nc3 Bb4 4. e5 Ne7 5. a3 Bxc3+ 6. bxc3 c5 7. Qg4 O-O 8. Bd3
Nbc6 9. Qh5 Ng6 10. Nf3 Qc7 11. Be3 Nce7 12. h4 Nf5 13. g4 Nxe3 14. fxe3 cxd4
15. O-O f6 16. cxd4 Bd7 17. Bxg6 hxg6 18. Qxg6 Rac8 19. Rfc1 Bb5 20. g5 Be8 21.
Qd3 Bh5 22. Rf1 f5 23. Ne1 Bg4 24. Rf2 Qf7 25. Qd2 Qh5 26. Rh2 Rc7 27. Kf2 Rfc8
28. Rb1 f4 29. exf4 Bf5 30. Qe2 Rxc2 31. Nxc2 Qxe2+ 32. Kxe2 Rxc2+ 33. Kf3 Rc3+
34. Ke2 Bxb1 35. Kd1 Be4 0-1

[Event "39th Olympiad Women"]
[Site "Khanty-Mansiysk RUS"]
[Date "2010.10.01"]
[Round "10"]
[White "Baginskaite, Camilla"]
[Black "Orbezo Rosales, Ximena Lucia"]
[Result "1-0"]
[WhiteTitle "WGM"]
[WhiteElo "2328"]
[BlackElo "1836"]
[Board "8.4"]
[WhiteTeam "USA"]
[BlackTeam "PER"]
[WhiteFideId "2014599"]
[BlackFideId "3807410"]
[EventDate "2010.09.21"]
[EventType "team"]

1. d4 Nf6 2. c4 g6 3. Nf3 Bg7 4. g3 d6 5. Bg2 O-O 6. Nc3 c6 7. e4 Be6 8. Qe2 h6
9. h3 d5 10. cxd5 cxd5 11. e5 Ne4 12. Nxe4 dxe4 13. Qxe4 Bd5 14. Qe2 Nc6 15. O-O
Nxd4 16. Nxd4 Bxg2 17. Kxg2 Qxd4 18. f4 Rfd8 19. Be3 Qe4+ 20. Qf3 Qxf3+ 21. Kxf3
Rac8 22. Rfd1 Rxd1 23. Rxd1 Rc2 24. Rd8+ Kh7 25. Bd4 Rd2 26. Ke3 Rg2 27. Kf3 Rd2
28. Ke4 Re2+ 29. Kf3 Rd2 30. Rd7 e6 31. Ke4 Re2+ 32. Kd3 Rg2 33. g4 Rg3+ 34. Ke4
f5+ 35. exf6 1-0

[Event "39th Olympiad Women"]
[Site "Khanty-Mansiysk RUS"]
[Date "2010.10.01"]
[Round "10"]
[White "Dembo, Yelena"]
[Black "Kovanova, Baira"]
[Result "1/2-1/2"]
[WhiteTitle "IM"]
[BlackTitle "WGM"]
[WhiteElo "2452"]
[BlackElo "2370"]
[Board "9.1"]
[WhiteTeam "GRE"]
[BlackTeam "RUS3"]
[WhiteFideId "723916"]
[BlackFideId "4164083"]
[EventDate "2010.09.21"]
[EventType "team"]

1. e4 e5 2. Nf3 Nc6 3. Bb5 a6 4. Ba4 Nf6 5. O-O Be7 6. Re1 b5 7. Bb3 d6 8. c3
O-O 9. d4 Bg4 10. Be3 exd4 11. cxd4 Na5 12. Bc2 Nc4 13. Bc1 c5 14. b3 Nb6 15.
Nbd2 cxd4 16. Bb2 Rc8 17. h3 Bh5 18. Qb1 Nbd7 19. Nxd4 Re8 20. Nf1 Bf8 21. Ng3
h6 22. Nxh5 Nxh5 23. Qd1 Nf4 24. Qg4 Ng6 25. Rad1 Nf6 26. Qf3 Qa5 27. a3 b4 28.
axb4 Qxb4 29. Re2 d5 30. exd5 Rxe2 31. Qxe2 Nf4 32. Qf3 N4xd5 33. Bb1 Nc3 34.
Bxc3 Qxc3 1/2-1/2

[Event "39th Olympiad Women"]
[Site "Khanty-Mansiysk RUS"]
[Date "2010.10.01"]
[Round "10"]
[White "Yakupova, Aysyla"]
[Black "Fakhiridou, Ekaterini"]
[Result "1-0"]
[BlackTitle "WIM"]
[WhiteElo "2117"]
[BlackElo "2208"]
[Board "9.4"]
[WhiteTeam "RUS3"]
[BlackTeam "GRE"]
[WhiteFideId "4197569"]
[BlackFideId "4202848"]
[EventDate "2010.09.21"]
[EventType "team"]

1. e4 c5 2. Nf3 d6 3. d4 cxd4 4. Nxd4 Nf6 5. Nc3 a6 6. Be2 e5 7. Nb3 Be7 8. Be3
Be6 9. O-O O-O 10. a4 Nbd7 11. a5 Rc8 12. Qd2 Qc7 13. Rfc1 Qc6 14. Bf3 Bc4 15.
Qd1 Bd8 16. Nd2 Be6 17. Nf1 h6 18. Nd5 Bxd5 19. exd5 Qc7 20. Ng3 Re8 21. c4 e4
22. Be2 Ne5 23. b4 Qd7 24. h3 Nh7 25. c5 dxc5 26. Nxe4 c4 27. Nc5 Qb5 28. d6 Nf6
29. Bd4 Rc6 30. Bxe5 Rxe5 31. Bxc4 Qxb4 32. Nd3 1-0

[Event "39th Olympiad Women"]
[Site "Khanty-Mansiysk RUS"]
[Date "2010.10.01"]
[Round "10"]
[White "Ortiz, Nadya Karolina"]
[Black "Hoang, Thi Bao Tram"]
[Result "1/2-1/2"]
[WhiteTitle "WIM"]
[BlackTitle "WGM"]
[WhiteElo "2212"]
[BlackElo "2285"]
[Board "10.1"]
[WhiteTeam "COL"]
[BlackTeam "VIE"]
[WhiteFideId "4401778"]
[BlackFideId "12401102"]
[EventDate "2010.09.21"]
[EventType "team"]

1. e4 c6 2. d4 d5 3. Nd2 dxe4 4. Nxe4 Nf6 5. Nc5 Nbd7 6. Nb3 e6 7. Bf4 Be7 8.
Nf3 O-O 9. Bd3 c5 10. O-O cxd4 11. Nbxd4 Nc5 12. Be2 Qb6 13. c4 Bd7 14. Qc2 Rac8
15. Ne5 Ba4 16. b3 Rfd8 17. Be3 Be8 18. Rfd1 Qc7 19. f4 Bd6 20. Ndf3 Na6 21. Qb2
Bc5 22. Bd4 Qb6 23. Kf1 Ne4 24. Bxc5 Naxc5 25. Nd3 Bc6 26. Nxc5 Qxc5 27. Rd4
Rxd4 28. Qxd4 Qxd4 29. Nxd4 Rd8 30. Nxc6 bxc6 31. Rd1 Rxd1+ 32. Bxd1 c5 33. Bc2
Nf6 34. a3 a5 35. Ke2 Kf8 36. Kd2 Ke7 37. Kc3 Kd6 38. b4 axb4+ 39. axb4 h6 40.
b5 Nd7 41. Kd2 Nb6 42. Bd3 f5 43. Ke3 Ke7 44. Kf3 Kf6 45. g4 g6 46. h4 h5 47.
gxh5 gxh5 48. Ke3 Kg6 49. Be2 Kh6 50. Kd3 Kg6 51. Bf3 Nc8 52. Bc6 Kf7 53. Kc3
Nb6 54. Kb3 Nc8 55. Bf3 Kg6 56. Bd1 Nb6 57. Be2 Kh6 58. Bf1 Kg7 59. Bg2 Kf6 60.
Bf3 Kg6 61. Kc3 Nc8 62. Kb2 Nb6 63. Kb3 Nc8 64. Be2 Nb6 65. Bd1 Kh6 66. Be2 Kg6
67. Bf3 Nc8 1/2-1/2

[Event "39th Olympiad Women"]
[Site "Khanty-Mansiysk RUS"]
[Date "2010.10.01"]
[Round "10"]
[White "Pham, Le Thao Nguyen"]
[Black "Chirivi C, Jenny Astrid"]
[Result "1-0"]
[WhiteTitle "WIM"]
[BlackTitle "WIM"]
[WhiteElo "2304"]
[BlackElo "2227"]
[Board "10.2"]
[WhiteTeam "VIE"]
[BlackTeam "COL"]
[WhiteFideId "12401226"]
[BlackFideId "4403061"]
[EventDate "2010.09.21"]
[EventType "team"]

1. d4 d5 2. Bf4 e6 3. e3 Nf6 4. Nd2 c5 5. c3 Nc6 6. Ngf3 Bd6 7. Bg3 O-O 8. Bd3
Re8 9. Ne5 Qc7 10. f4 b6 11. O-O Bb7 12. Qf3 a5 13. Bh4 Be7 14. Bxf6 Bxf6 15.
Qh3 g6 16. Ndf3 Ba6 17. Bxa6 Rxa6 18. Ng4 Bg7 19. Ng5 h5 20. Ne5 Nd8 21. Ngf3
Ra7 22. Rf2 Qe7 23. Kh1 Qf6 24. Rg1 cxd4 25. cxd4 Qf5 26. g4 hxg4 27. Nxg4 Kf8
28. Qh4 Rc7 29. Ng5 f6 30. Nf3 Nf7 31. Rfg2 Rec8 32. Nf2 Rc1 33. Qg3 g5 34. fxg5
fxg5 35. Ne1 Ke7 36. Nfd3 R1c6 37. Nf2 e5 38. Nf3 Rg6 39. Nh4 Qe6 40. Nxg6+ Qxg6
41. dxe5 Bxe5 42. Qf3 Qe6 43. Rd1 Bxb2 44. e4 d4 45. Nd3 Bc3 46. Rf1 Re8 47. e5
Rb8 48. Qe4 Rd8 49. Rgf2 Rf8 50. Rf6 Qc8 51. e6 1-0

[Event "39th Olympiad Women"]
[Site "Khanty-Mansiysk RUS"]
[Date "2010.10.01"]
[Round "10"]
[White "Golubenko, Valentina"]
[Black "Munguntuul, Batkhuyag"]
[Result "0-1"]
[WhiteTitle "WGM"]
[BlackTitle "IM"]
[WhiteElo "2278"]
[BlackElo "2412"]
[Board "11.1"]
[WhiteTeam "CRO"]
[BlackTeam "MGL"]
[WhiteFideId "4501993"]
[BlackFideId "4900758"]
[EventDate "2010.09.21"]
[EventType "team"]

1. d4 d5 2. Nf3 Nf6 3. g3 e6 4. Bg2 Be7 5. O-O O-O 6. c4 dxc4 7. Qa4 a6 8. Qxc4
b5 9. Qc2 Bb7 10. Nbd2 Nbd7 11. e4 c5 12. e5 Nd5 13. Ne4 Nb4 14. Qb1 cxd4 15. a3
d3 16. Ne1 Nc6 17. Nxd3 Ncxe5 18. Nxe5 Nxe5 19. Bf4 Nc4 20. Rd1 Qc8 21. b3 Nxa3
22. Rxa3 Bxa3 23. b4 Bd5 24. Ng5 g6 25. Bxd5 exd5 26. Qb3 a5 27. Qxa3 Qc2 28.
Rc1 axb4 29. Qxb4 Qd3 30. Qb2 h6 31. Nh3 g5 32. Bd6 Rfc8 33. Rf1 Qf5 34. Kg2
Qe4+ 35. Kg1 Qe6 36. Be5 Ra6 37. Kg2 f6 38. Bc3 Rac6 39. Bd4 b4 40. Be3 Rc4 41.
Re1 Qe5 42. Qb3 Qe4+ 43. Kg1 Qc2 44. Rb1 Qxb3 45. Rxb3 d4 46. Bd2 Rc2 47. Bxb4
Rb8 48. Bc5 Rxb3 49. Bxd4 f5 50. Kg2 Rb1 51. Ng1 g4 52. Be3 Ra2 53. Bxh6 Raa1
54. Nf3 gxf3+ 55. Kxf3 Kh7 56. Bf4 Rb3+ 57. Kg2 Ra2 58. Be5 Kg6 59. Bf4 Re2 60.
Kf1 Rbb2 0-1

[Event "39th Olympiad Women"]
[Site "Khanty-Mansiysk RUS"]
[Date "2010.10.01"]
[Round "10"]
[White "Lkhamsuren, Uuganbayar"]
[Black "Medic, Mirjana"]
[Result "0-1"]
[BlackTitle "WGM"]
[WhiteElo "2206"]
[BlackElo "2264"]
[Board "11.2"]
[WhiteTeam "MGL"]
[BlackTeam "CRO"]
[WhiteFideId "4901347"]
[BlackFideId "14501619"]
[EventDate "2010.09.21"]
[EventType "team"]

1. e4 e6 2. d4 d5 3. e5 c5 4. c3 Nc6 5. Nf3 Qb6 6. a3 c4 7. Nbd2 Na5 8. Be2 Bd7
9. O-O Ne7 10. Rb1 Qc7 11. Re1 h6 12. h4 Nc8 13. Qc2 Nb6 14. b3 cxb3 15. Nxb3
Nac4 16. Bxc4 Nxc4 17. Qa2 Be7 18. Nbd2 Nb6 19. Qc2 Ba4 20. Qd3 Rc8 21. Bb2 a6
22. Rec1 Bb5 23. Qc2 Qc6 24. g3 Nc4 25. Nxc4 dxc4 26. Nd2 g5 27. h5 g4 28. Ne4
Qd5 29. Re1 Bc6 30. Qe2 Rg8 31. Bc1 Kd7 32. Bf4 Kc7 33. Qb2 b5 34. a4 Rb8 35.
axb5 axb5 36. Qd2 Bg5 37. Ra1 Kb6 38. Rab1 Ra8 39. Qc1 Ra2 40. Qe3 Rc2 41. Ra1
Qxe4 42. Qxe4 Bxe4 43. Rxe4 Rxc3 44. Bxg5 Rxg5 45. Rf4 Rf3 46. Re4 Rg8 47. Re2
Rd3 48. Rea2 Rxd4 49. Ra7 Rd5 50. Rxf7 Rxe5 51. Rc1 Rc8 52. Rf4 Rec5 53. Rxg4 b4
54. Rg6 b3 55. Rxe6+ R8c6 56. Re8 Kb5 57. Re2 c3 58. Rb1 b2 59. g4 Kc4 60. Rbxb2
cxb2 61. Rxb2 Kd4 0-1